| 000 | 01275cam a2200349 i 4500 | ||
|---|---|---|---|
| 001 | 20821345 | ||
| 003 | NUST | ||
| 005 | 20220828160854.0 | ||
| 008 | 190124s2019 nhua b 000 0 eng | ||
| 010 | _a 2018056934 | ||
| 020 |
_a9780325099170 _q(softcover ; _qacid-free paper) |
||
| 038 | _aAzhar | ||
| 040 |
_aDLC _beng _cDLC _erda _dDLC |
||
| 042 | _apcc | ||
| 050 | 0 | 0 |
_aPE1128.A2 _bH587 2019 |
| 082 | 0 | 0 |
_a428.0071 _223 _bHON |
| 100 | 1 |
_aHonigsfeld, Andrea, _d1965- _eauthor. _994729 |
|
| 245 | 1 | 0 |
_aGrowing language & literacy : _bstrategies for English learners : grades K-8 _cAndrea Honigsfeld. |
| 246 | 0 | 1 | _aGrowing language and literacy. |
| 260 |
_aPortsmouth _bHeinemann Publishing, _c2019 |
||
| 300 |
_axx, 184 p _bcolor illustrations ; _c24 cm |
||
| 336 |
_atext _btxt _2rdacontent |
||
| 337 |
_aunmediated _bn _2rdamedia |
||
| 338 |
_avolume _bnc _2rdacarrier |
||
| 504 | _aIncludes bibliographical references (pages 174-184). | ||
| 563 | _aPB | ||
| 650 | 0 |
_aEnglish language _xStudy and teaching _xForeign speakers. _911458 |
|
| 650 | 0 |
_aLiteracy _xEvaluation. _994730 |
|
| 906 |
_a7 _bcbc _corignew _d1 _eecip _f20 _gy-gencatlg |
||
| 942 |
_2ddc _cLC |
||
| 999 |
_c590542 _d590542 |
||